| 000 | 00494nam a2200205Ia 4500 | ||
|---|---|---|---|
| 005 | 20250425160722.0 | ||
| 008 | 250425s9999 xx 000 0 und d | ||
| 020 | _a0201634554 | ||
| 041 | _aeng | ||
| 082 | _a005.86 | ||
| 100 | _aARNOLD, KEN | ||
| 245 | 0 | _aTHE JAVA PROGRAMMING LANGUAGE | |
| 250 | _a1ST ED. | ||
| 260 |
_aEstados Unidos _bADDISON - WESLEY _c1996 |
||
| 260 | _aREADING | ||
| 300 | _a329 | ||
| 650 | _aJAVA (LENGUAJE DE PROGRAMACION) | ||
| 942 | _c01 | ||
| 010 | _a3413 | ||
| 999 |
_c194781 _d194781 |
||